LEADER 00888nam0 22002531i 450 001 RML0276221 005 20231121125727.0 100 $a20121121d2009 ||||0itac50 ba 101 | $aeng 102 $aus 181 1$6z01$ai $bxxxe 182 1$6z01$an 200 1 $aHydrogen & Fuel cells$eAdvances in transportation and Power$fMichael Frank Hordeski 215 $aXi, 288 p.$d24 cm. 676 $a629.22$9$v21 700 1$aHordeski,$b, Michael Frank$3RMLV178004$0477256 801 3$aIT$bIT-01$c20121121 850 $aIT-FR0099 899 $aBiblioteca Area Ingegneristica$bFR0099 912 $aRML0276221 950 0$aBiblioteca Area Ingegneristica$d 54DII 629.22 HOR$e 54VM 0000461405 VM barcode:BAIN004699. - Inventario:5857DVM$fA $h20090217$i20121204 977 $a 54 996 $aHydrogen & Fuel cells$93625898 997 $aUNICAS LEADER 01277nam0 22003131i 450 001 UON00287534 005 20231205103907.612 100 $a20070201d1969 |0itac50 ba 101 $aeng 102 $aGB 105 $a||||e ||||| 200 1 $aˆA ‰concise Anglo-Saxon dictionary$fby John R. Clark Hall 205 $a4th ed.$bwith a supplement by Herbert D. Meritt 210 $aCambridge$cAt the University Press$d1960$erist. 1969 215 $axv, 432, [20] p.$d23 cm. 606 $aDizionari$3UONC025592$2FI 606 $aDIZIONARI INGLESI$3UONC037401$2FI 606 $aLingua anglosassone$x450-1100$xDizionari tedeschi$3UONC061643$2FI 620 $dCambridge$3UONL000022 676 $a429.321$cLingua anglosassone. Dizionari inglesi$v21 700 1$aHALL$bJohn R. Clark$3UONV165895$0163551 702 1$aMERITT$bHerbert Dean$3UONV165896 712 $aCambridge University Press$3UONV245943$4650 801 $aIT$bSOL$c20250620$gRICA 899 $aSIBA - SISTEMA BIBLIOTECARIO DI ATENEO$2UONSI 912 $aUON00287534 950 $aSIBA - SISTEMA BIBLIOTECARIO DI ATENEO$dSI S.C V DIZ 84 $eSI FG 1266 7 84 996 $aConcise Anglo-saxon dictionary$9934844 997 $aUNIOR